Circuits de Formule 1 par image satellite - Statistiques

Statistiques générales
  • Ce quiz a été pris 347 fois
  • Le résultat moyen est 19 sur 25
Statistiques - réponses
Par images Réponse % Correct
GP de Monaco
94%
GP d'Espagne
89%
GP de Belgique
87%
GP d'Autriche
85%
GP de France
85%
GP de Hongrie
84%
GP d'Italie
84%
GP du Canada
83%
GP de Miami
82%
GP du Qatar
82%
GP d'Australie
81%
GP de Bahreïn
81%
GP d'Emilie-Romagne
81%
GP du Japon
80%
GP de Grande-Bretagne
77%
GP d'Arabie Saoudite
76%
GP de Chine
76%
GP des Etats-Unis
76%
GP du Bresil
72%
GP des Pays-Bas
71%
GP d'Abou Dabi
69%
GP de Las Vegas
65%
GP du Mexique
63%
GP d'Azerbaidjan
61%
GP de Singapour
53%
Aucun quiz correspondant
Distribution des résultats
% des personnes avec chaque résultat
Percentile par nombre de réponses
Votre historique - résultats
Vous n’avez pas pris ce quiz